Statistiques concernant Evénements du 18 septembre

Cliquez ici pour prendre le quiz!

Statistiques générales

  • Ce quiz a été pris 23 fois
  • Le résultat moyen est 11 sur 15

Statistiques - réponses

HintRéponse% Correct
Vote de l'abolition de la peine de mort en France1981
100%
Henri IV est reconnu comme roi de France par le pape1595
95%
Mort de Jimi Hendrix1970
90%
Naissance de l'empereur Trajan53
90%
Philippe II devient roi de France1180
85%
Naissance de Dominique Chapatte1948
75%
L'URSS est admise à la Société des Nations1934
70%
Mort du producteur Gilbert Carpentier2000
70%
Mort de l'acteur Jean Piat2018
70%
Nerva devient empereur96
70%
Sortie de la 1ère freebox2002
65%
Création des sapeurs-pompiers de Paris1811
55%
Les Sioux déposent les armes1862
55%
Incident de Fachoda1898
55%
1ère publication du New York Times1851
45%

Distribution des résultats

Percentile par nombre de réponses

% des personnes avec chaque résultat

Votre développement - résultats

Vous n’avez pas pris ce quiz